000 00924nmc a2200337 a 4500
003 AR-BaBNM
005 20251128204532.0
008 135019s1995 ||||||||||||||000 | spa||
020 _a950-802-031-8
040 _cAR-BaBNM
100 1 _aGrillo, Oscar Jorge
245 1 0 _aPolíticas sociales y estrategias habitacionales
250 _a1ª ed.
260 _aBuenos Aires
_bEspacio
_c1995
300 0 _a119 p.
490 0 _aCiencias sociales
504 _aBibliografía al final de cada artículo y en p. 118-119
650 4 _aPOLITICA SOCIAL
650 4 _aPOLITICA DE LA VIVIENDA
650 4 _aNECESIDADES DE VIVIENDA
650 4 _aCONSTRUCCION DE VIVIENDAS
650 4 _aURBANIZACION
650 4 _aCIUDADES
650 4 _aVIVIENDA
651 4 _aBuenos Aires [Provincia]
653 0 _aCONVENTILLOS
700 1 _aLacarrieu, Mónica B.
700 1 _aRaggio, Liliana
942 _cBK
998 _cMarce
999 _c7819
_d7819